| 000 | nam a22 a 4500 | ||
|---|---|---|---|
| 999 |
_c1694 _d1694 |
||
| 003 | AKMAL | ||
| 005 | 20170511125214.0 | ||
| 008 | 170511s1998 my 00 may d | ||
| 020 |
_a967610762X (kkt.): _cRM 17.60 |
||
| 040 |
_aAKMAL _cAKMAL |
||
| 049 | _amal | ||
| 082 | 0 | 4 | _a332.6 BER |
| 090 |
_a332.6 _bBER |
||
| 090 | 2 | 0 |
_a332.6 _bBER |
| 100 |
_aBarjoyai Bardai _93484 |
||
| 245 | 1 | 0 |
_aStrategi pelaburan / _cBarjoyai Bardai & Mohd. Fairuz Md. Salleh |
| 260 |
_aKuala Lumpur : _bUtusan Publications & Distributors, _c1998 |
||
| 300 |
_a202ms. ; _c22cm |
||
| 440 |
_aSiri pengurusan dan perniagaan Utusan _93454 |
||
| 521 | _aPeringkat pembaca: Dewasa | ||
| 650 |
_aInvestments _93485 |
||
| 650 |
_aInvestment analysis _93486 |
||
| 700 | 0 |
_aMohd. Fairuz Md. Salleh _93487 |
|
| 942 |
_2ddc _cBOOK |
||